Derecho de la Competencia Europeo y Espaǫl Curso de iniciacin̤. Volumen IX

Detalles Bibliográficos
Formato: eBook
Lenguaje:español
Publicado: Madrid: Dykinson, 2009
Materias:
Acceso en línea:Acceso restringido

MARC

LEADER 00000nam a22000007a 4500
005 20140408205856.0
007 cr|||| ||||
008 140408s2009 es |||||s|||| 00||0 spa d
020 |a 978-84-9982-330-0 
035 |a 12058 
040 |a vLex 
090 |c 4772  |d 4772 
245 0 0 |a Derecho de la Competencia Europeo y Espaǫl  |h [Recurso electrn̤ico] :  |b Curso de iniciacin̤.  |n  Volumen IX 
256 |a Servicio en ln̕ea 
260 |a Madrid:  |b Dykinson,  |c 2009 
300 |a 1 recurso electrn̤ico 
506 1 |a Disponible solo en los productos indicados  |d vLex Global  |d vLex Global (Academic Edition, excluding Law Schools)  |d vLex Global (U.S. Academic Edition, Law Schools)  |d vLex Global (U.S. Academic Edition, excluding Law Schools)  |d vLex Global (Academic Edition, Law Schools) 
650 0 4 |a Derecho de la Competencia  |z Espaą 
650 0 4 |a Polt̕ica de la competencia  |z Espaą 
740 0 |a vLex Libros (Servicio en ln̕ea) 
856 4 0 |u http://vlex.com/source/derecho-competencia-europeo-espa-ol-volumen-ix-12058  |z Acceso restringido 
942 |c BOOK 
999 0 |a Competition Law  
999 0 |a Competition policy